| 000 | 00750nam a2200217 a 4500 | ||
|---|---|---|---|
| 001 | 000010677 | ||
| 005 | 20240412074220.0 | ||
| 008 | 091009s1992 dr a 001 0 spa d | ||
| 040 |
_aDO-SdBNP _bspa _cBNPHU |
||
| 082 |
_aRD861.44 _bN964d |
||
| 100 | 1 |
_aNúñez, Lorgio, _d1960- _925855 |
|
| 245 | 1 | 0 |
_aDesarraigo / _cLorgio Núñez ; prólogo Antonio Manuel Brito Ovalle. |
| 260 |
_aSanto Domingo : _bMateo, _c1992. |
||
| 300 |
_a42 p. : _bil ; _c21 cm. |
||
| 500 | _aIncluye datos biográficos del autor en la contracubierta | ||
| 590 | _aInventariado, 2018/LP | ||
| 650 | 0 |
_aPoesía dominicana _966 |
|
| 650 | 0 |
_aLiteratura dominicana. _967 |
|
| 700 | 1 |
_aBrito Ovalle, Antonio Manuel _epról. _914359 |
|
| 910 | _aValidado. Control de calidad BNPHU | ||
| 999 |
_c10432 _d10432 |
||